00799nab a22001697a 4500003000400000005001700004008004100021040000700062245005700069260007300126300001500199500004300214505011300257505009000370650002900460773014000489OSt20250214080338.0190604e xxu||||| |||| 00| 0 spa d cPJ13aLas leyes, ¿son todas ambiguas? /cJulio Chiappini. aCiudad Autónoma de Buenos Aires :bThomson Reuters La Ley, c2025. ap. 211-216 aCita Online: TR LALEY AR/DOC/1900/2024 aSumario: I. Sí.— II. No.— III. ¿Interpretaciones prohibidas?— IV. Excurso: la tesis de Umberto Eco. t¿Te interesa el texto completo? Solicitalo al correo: koha@justierradelfuego.gov.ar  0aINTERPRETACION DE LA LEY0 02714dCiudad Autónoma de Buenos Aires : Thomson Reuters La Ley, 2014-tRevista anales de legislación argentina. Nº 1 - Enero 2025.